1905 1549 1499 1411 1025 1116 1499 1895 1346 1160 1212 1412 1111 1694 1431 1875 1483 1358 1842 1105 1481 1193 1688 1542 1863 1233 1677 1856 1766 1522 1076 1533 1820 1543 1660 1528 1869 1121 1809 1590 1365 1747 1469 1830 1152 1432 1748 1790 1857 1229 1981 1657 1478 1406 1442 1958 1821 1850 1306 1525 1030 1689 1923 1347 1811 1295 1333 1641 1731 1096 1043 1982 1758 1154 1509 1523 1637 1319 1691 1338 1241 1292 1586 1385 1981 1491 1536 1889 1302 1359 1723 1352 1094 1920 1336 1286 1891 1152 1512 BCNSPRNW ULIB Ver.6.0+V

เปลี่ยนเป็นภาษาไทย

Change to English
 แสดงรายละเอียดบรรณานุกรม
  กลับหน้าหลัก

Brief Record : Get Marc (ISO 2709) : E-mail record : QR code < ปิดหน้าต่าง
LEADER : 00000nam 2200000uu 4500
001    13399123185
003     ULIB
008    140606s2556||||th 000 0 tha d
060  0 ^aWY18^bก398ก
245 00 ^aการประเมินสมรรถนะการปฏิบัติทางคลินิกโดยใช้วิธี Obstructive Structured Clinical Examination (OSCE) เล่ม2 /^cบรรณาธิการโดย กัลยา เนติประวัติ,ศิริวรรณ ชูกำเนิด, นิสากร วิบูลชัย และ อนงค์ลักษณ์ พันธุ์พรหมธาดา
246 0  Obstructive Structured Clinical Examination
246 0  OSCE
250    ^aพิมพ์ครั้งที่ 1
260    ^aนนทบุรี :^bกลุ่มพัฒนาบุคลากร สถาบันพระบรมราชชนก,^c2556
300    ^a109 หน้า :^c29.5 ซม.
650  7 ^aการประเมินสมรรถนะการปฏิบัติทางคลินิก
650  7 ^aการเรียนการสอน
650  7 ^aOSCE
700 0  ^aศิริวรรณ ชูกำเนิด, บรรณาธิการ
700 0  ^aนิสากร วิบูลชัย, บรรณาธิการ
700 0  ^aอนงค์ลักษณ์ พันธุ์พรหมธาดา, บรรณาธิการ
945    ^p0^l0^i034488
945    ^p0^l0^i034489
945    ^p0^l0^i034490
945    ^p0^l0^i034491
945    ^p0^l0^i034492
945    ^p0^l0^i034493
945    ^p0^l0^i034494
945    ^p0^l0^i034495
945    ^p0^l0^i034496
945    ^p0^l0^i034497
945    ^p0^l0^i034498
945    ^p0^l0^i034499
945    ^p0^l0^i034500
945    ^p0^l0^i034501
999    ^aเกษร โพธิ์สุวรรณ
รายการนี้ยังไม่มีแท็ก
คุณยังไม่ได้ล็อกอิน คุณสามารถมีกิจกรรมร่วมกับเว็บไซต์ได้ แต่ต้องล็อกอินก่อน ::
  ล็อกอิน

รายการสื่อสารสนเทศ

ลำดับที่ ประเภท เลขเรียก/บาร์โค้ด สถานที่ สถานะ
1. Book การพยาบาล
หนังสือสำรอง
สถานะ=หนังสือสำรอง
WY18 ก398ก ฉ.1 
  Barcode: 034488
ห้องสมุดวิทยาเขตสวรรค์ประชารักษ์
►ส่วนจัดเก็บหนังสือเก่า สปร
บนชั้น
  ขอยืม
2. Book การพยาบาล
Book การพยาบาล
WY18 ก398ก ฉ.10 
  Barcode: 034497
ห้องสมุดวิทยาเขตสวรรค์ประชารักษ์
►ส่วนจัดเก็บหนังสือเก่า สปร
บนชั้น
  ขอยืม
3. Book การพยาบาล
Book การพยาบาล
WY18 ก398ก ฉ.11 
  Barcode: 034498
ห้องสมุดวิทยาเขตสวรรค์ประชารักษ์
►ส่วนจัดเก็บหนังสือเก่า สปร
บนชั้น
  ขอยืม
4. Book การพยาบาล
Book การพยาบาล
WY18 ก398ก ฉ.12 
  Barcode: 034499
ห้องสมุดวิทยาเขตสวรรค์ประชารักษ์
►ส่วนจัดเก็บหนังสือเก่า สปร
บนชั้น
  ขอยืม
5. Book การพยาบาล
Book การพยาบาล
WY18 ก398ก ฉ.13 
  Barcode: 034500
ห้องสมุดวิทยาเขตสวรรค์ประชารักษ์
►ส่วนจัดเก็บหนังสือเก่า สปร
บนชั้น
  ขอยืม
6. Book การพยาบาล
Book การพยาบาล
WY18 ก398ก ฉ.14 
  Barcode: 034501
ห้องสมุดวิทยาเขตสวรรค์ประชารักษ์
►ส่วนจัดเก็บหนังสือเก่า สปร
บนชั้น
  ขอยืม
7. Book การพยาบาล
Book การพยาบาล
WY18 ก398ก ฉ.2 
  Barcode: 034489
ห้องสมุดวิทยาเขตสวรรค์ประชารักษ์
►ส่วนจัดเก็บหนังสือเก่า สปร
บนชั้น
  ขอยืม
8. Book การพยาบาล
Book การพยาบาล
WY18 ก398ก ฉ.3 
  Barcode: 034490
ห้องสมุดวิทยาเขตสวรรค์ประชารักษ์
►ส่วนจัดเก็บหนังสือเก่า สปร
บนชั้น
  ขอยืม
9. Book การพยาบาล
Book การพยาบาล
WY18 ก398ก ฉ.4 
  Barcode: 034491
ห้องสมุดวิทยาเขตสวรรค์ประชารักษ์
►ส่วนจัดเก็บหนังสือเก่า สปร
บนชั้น
  ขอยืม
10. Book การพยาบาล
Book การพยาบาล
WY18 ก398ก ฉ.5 
  Barcode: 034492
ห้องสมุดวิทยาเขตสวรรค์ประชารักษ์
►ส่วนจัดเก็บหนังสือเก่า สปร
บนชั้น
  ขอยืม
11. Book การพยาบาล
Book การพยาบาล
WY18 ก398ก ฉ.6 
  Barcode: 034493
ห้องสมุดวิทยาเขตสวรรค์ประชารักษ์
►ส่วนจัดเก็บหนังสือเก่า สปร
บนชั้น
  ขอยืม
12. Book การพยาบาล
Book การพยาบาล
WY18 ก398ก ฉ.7 
  Barcode: 034494
ห้องสมุดวิทยาเขตสวรรค์ประชารักษ์
►ส่วนจัดเก็บหนังสือเก่า สปร
บนชั้น
  ขอยืม
13. Book การพยาบาล
Book การพยาบาล
WY18 ก398ก ฉ.8 
  Barcode: 034495
ห้องสมุดวิทยาเขตสวรรค์ประชารักษ์
►ส่วนจัดเก็บหนังสือเก่า สปร
บนชั้น
  ขอยืม
14. Book การพยาบาล
Book การพยาบาล
WY18 ก398ก ฉ.9 
  Barcode: 034496
ห้องสมุดวิทยาเขตสวรรค์ประชารักษ์
►ส่วนจัดเก็บหนังสือเก่า สปร
บนชั้น
  ขอยืม

รายการใกล้เคียง
    หัวเรื่อง [การประเมินสมรรถนะการปฏิบัติทางคลินิก]
    หัวเรื่อง [การเรียนการสอน]
    หัวเรื่อง [OSCE]

BibComment


ยังไม่เคยถูกคอมเมนท์

คอมเมนท์ทรัพยากรรายการนี้
  คอมเมนท์: การประเมินสมรรถน..


 Copyright 2026. Bcnsprnw @Library